| 000 | 00901nac a22002777a 4500 | ||
|---|---|---|---|
| 001 | BR8502010 | ||
| 003 | BR-BrBNA | ||
| 005 | 20240105120308.0 | ||
| 008 | 230509b bl.|||m| |||| 00| 0 por d | ||
| 040 |
_aBR-BrBNA _bpor _cBiblioteca Nacional de Agricultura |
||
| 072 | _aH20 | ||
| 090 | _a2120 BR8502010 | ||
| 100 | 1 | _aCruz Filho, J. da | |
| 100 | 1 | _aChaves, G.M. | |
| 110 | 1 |
_aUniversidade Federal de Vicosa, MG (Brasil). Conselho de Extensao _910969 |
|
| 245 | 1 | _aCalda vicosa no controle da ferrugem do cafeeiro [Hemileia vastatrix] | |
| 260 | 3 |
_aVicosa, MG (Brasil): _c1985. |
|
| 300 | _a22 p. | ||
| 490 |
_aInforme Tecnico - Universidade Federal de Vicosa. Conselho de Extensao (Brazil) _vv. 6(51) _x |
||
| 500 | _a5 illus.; 17 ref. | ||
| 650 | _aCAFE | ||
| 650 | _aFERRUGEM | ||
| 650 | _aCALDA VICOSA | ||
| 909 |
_a202312 _bLúcia Elande _c55 _dLúcia Elande |
||
| 942 |
_2AGRIS _n0 _cMS |
||
| 999 |
_c278723 _d278723 |
||